Normal view
MARC view
- Nayyer Nayyab Malik
Entry Personal Name
001 - CONTROL NUMBER
- control field: 15101
003 - CONTROL NUMBER IDENTIFIER
- control field: NUST
005 - DATE AND TIME OF LATEST TRANSACTION
- control field: 20190619112713.0
008 - FIXED-LENGTH DATA ELEMENTS
- fixed length control field: 190619|| aca||aabn | a|a d
040 ## - CATALOGING SOURCE
- Original cataloging agency: NUST
- Transcribing agency: NUST
100 ## - HEADING--PERSONAL NAME
- Personal name: Nayyer Nayyab Malik
670 ## - SOURCE DATA FOUND
- Source citation: Work cat.: (NUST): Nayyer Nayyab Malik, Water Brake Engine Dynamometr Control And Software Development, 2013
